| 000 | 00901cam a22002655a 4500 | ||
|---|---|---|---|
| 001 | 015370535 | ||
| 003 | OSt | ||
| 005 | 20151207105338.0 | ||
| 008 | 100826t2010 njua fr 001 0 eng d | ||
| 020 | _a9780470414415 (pbk.) | ||
| 040 |
_aIiNdDKA _beng _cIiNdDKA _dEG-ScBUE _dEG-ScBUE |
||
| 082 | 0 | 4 |
_a660.2812 _bPRO _222 |
| 245 | 0 | 0 |
_aProduct and process design principles : _bsynthesis, analysis, and evaluation / _cWarren D. Seider ... [et al.] |
| 250 | _a3rd ed., International student version. | ||
| 260 |
_aHoboken : _bJohn Wiley & Sons, _cc.2010. |
||
| 300 |
_axxxvi, 728 p. : _bill. ; _c28 cm. |
||
| 500 | _aIncludes indexes. | ||
| 500 | _aInclude wed registration card inside. | ||
| 650 | 7 |
_aChemical processes. _2BUEsh _95532 |
|
| 651 | _2BUEsh | ||
| 653 |
_bENGCHE _cAugust2015 _cOctober2015 _cDecember2015 |
||
| 655 |
_vReading book _934232 |
||
| 700 | 1 | _aSeider, Warren D. | |
| 942 | _2ddc | ||
| 999 |
_c20685 _d20657 |
||